Jurisprudencia sobre la alevosía, Art. 12 Nº1 del Código Penal 1907-1964
Guardat en:
| Autor principal: | |
|---|---|
| Format: | Llibre |
| Idioma: | espanyol |
| Publicat: |
Santiago
Jurídica de Chile
1966
|
| Col·lecció: | Seminario de Derecho Penal y Medicina Legal, 5
|
| Matèries: | |
| Etiquetes: |
Afegir etiqueta
Sense etiquetes, Sigues el primer a etiquetar aquest registre!
|
MARC
| LEADER | 00000nam a2200000 a 4500 | ||
|---|---|---|---|
| 001 | UCS0233 | ||
| 003 | CL-VaPUC | ||
| 005 | 20230628170135.0 | ||
| 008 | 970418e19660000CL |||||||||||||||||spa|d | ||
| 999 | |c 258473 |d 258471 | ||
| 040 | |c Pontificia Universidad Católica de Valparaíso | ||
| 082 | 0 | 4 | |a 345.04 |b ZAP |2 21 |
| 100 | 0 | |a Zapata Medina, Jorge |e author |9 383458 | |
| 245 | 1 | 0 | |a Jurisprudencia sobre la alevosía, Art. 12 Nº1 del Código Penal 1907-1964 |
| 260 | |a Santiago |b Jurídica de Chile |c 1966 | ||
| 300 | |a 89 p | ||
| 490 | 0 | |a Seminario de Derecho Penal y Medicina Legal, 5 | |
| 583 | |a last modification |c 19970418 00:00:00 |k Rodrigo Vera | ||
| 650 | 7 | |a DERECHO PENAL |2 CL-VaPUC |9 11 | |
| 650 | 0 | |a Alevosía |9 383404 | |
| 650 | 0 | |a Jurisprudencia |9 255952 | |
| 650 | 0 | |a Delitos |9 224143 | |
| 650 | 7 | |a PREMEDITACION |2 CL-VaPUC |9 383460 | |
| 852 | |a BIBCUR | ||
| 942 | |c BK |2 ddc | ||
| 945 | |d 19970418 00:00:00 |a paguirre | ||
| 952 | |0 0 |1 0 |4 0 |6 345_040000000000000_ZAP_1966 |7 0 |8 A |9 282608 |a BIBDER |b BIBDER |d 2019-11-19 |i 1832441 |o 345.04 ZAP 1966 |p 1832441 |r 2023-01-25 |w 2019-11-19 |y BK |k DER | ||
| 952 | |0 0 |1 0 |4 0 |6 345_040000000000000_ZAP_1966 |7 0 |8 A |9 282609 |a BIBDER |b BIBDER |d 2019-11-19 |i 183245K |o 345.04 ZAP 1966 |p 183245K |r 2023-01-25 |w 2019-11-19 |y BK |k DER | ||